| 000 | 00563nam a2200181Ia 4500 | ||
|---|---|---|---|
| 008 | 090630s9999 xx 000 0 und d | ||
| 082 | _b20882 | ||
| 100 | _aमाळी शिवराम. | ||
| 245 |
_aवज्रमुठी. _cमाळी शिवराम. |
||
| 260 |
_bमानस - पुणे. _c1985 |
||
| 300 | _a80 | ||
| 600 | _aमाळी शिवराम. | ||
| 630 | _aवज्रमुठी. | ||
| 655 | _aकाव्य. | ||
| 700 | _aमाळी शिवराम. | ||
| 730 | _aवज्रमुठी. | ||
| 942 | _cBOOK | ||
| 999 |
_c272738 _d272738 |
||